Repatriates in Nilgiris A Saga of Struggle (Record no. 221292)

MARC details
000 -LEADER
fixed length control field 00651nam a22002297a 4500
005 - DATE AND TIME OF LATEST TRANSACTION
control field 20220121143909.0
008 - FIXED-LENGTH DATA ELEMENTS--GENERAL INFORMATION
fixed length control field 220121b ||||| |||| 00| 0 eng d
040 ## - CATALOGING SOURCE
Transcribing agency AL
041 ## - LANGUAGE CODE
Language code of text/sound track or separate title eng
082 ## - DEWEY DECIMAL CLASSIFICATION NUMBER
Edition number 23
Classification number 954.13
Item number GOPR
100 ## - MAIN ENTRY--PERSONAL NAME
Personal name T N Gopalan
100 ## - MAIN ENTRY--PERSONAL NAME
9 (RLIN) 14237
245 ## - TITLE STATEMENT
Title Repatriates in Nilgiris A Saga of Struggle
260 ## - PUBLICATION, DISTRIBUTION, ETC.
Place of publication, distribution, etc. Kotagiri
Name of publisher, distributor, etc. Dalit Action Research
Date of publication, distribution, etc. 1995
300 ## - PHYSICAL DESCRIPTION
Extent iiii,145 p.
Other physical details PB
Dimensions 21x14 cm.
365 ## - TRADE PRICE
Price amount 20.00
Currency code
Unit of pricing 20.00
650 ## - SUBJECT ADDED ENTRY--TOPICAL TERM
Topical term or geographic name entry element Repatriates and Badagas
9 (RLIN) 14238
650 ## - SUBJECT ADDED ENTRY--TOPICAL TERM
Topical term or geographic name entry element Environment
9 (RLIN) 14239
650 ## - SUBJECT ADDED ENTRY--TOPICAL TERM
Topical term or geographic name entry element Malayalis
9 (RLIN) 14240
650 ## - SUBJECT ADDED ENTRY--TOPICAL TERM
Topical term or geographic name entry element Power Structrue
9 (RLIN) 14241
700 ## - ADDED ENTRY--PERSONAL NAME
Personal name GOPALAN (T N)
9 (RLIN) 14242
942 ## - ADDED ENTRY ELEMENTS (KOHA)
Source of classification or shelving scheme Dewey Decimal Classification
Koha item type George Fernandes Collections
Holdings
Withdrawn status Lost status Source of classification or shelving scheme Damaged status Not for loan Collection code Home library Current library Date acquired Total Checkouts Full call number Barcode Date last seen Price effective from Koha item type
    Dewey Decimal Classification     History St Aloysius Library St Aloysius Library 03/24/2013   954.13 GOPR GF00850 01/21/2022 01/21/2022 George Fernandes Collections